| 000 | 00982cam a22003132 c4500 | ||
|---|---|---|---|
| 999 |
_c60992 _d60992 |
||
| 001 | 1185072357 | ||
| 003 | DE-627 | ||
| 005 | 20201124151238.0 | ||
| 007 | tu | ||
| 008 | 041220s1931 xx ||||| 00| ||ger c | ||
| 035 | _a(DE-627)1185072357 | ||
| 035 | _a(DE-576)115072357 | ||
| 035 | _a(DE-599)BSZ115072357 | ||
| 035 | _a(OCoLC)314595666 | ||
| 040 |
_aDE-627 _bger _cDE-627 _erakwb _dSTAFF |
||
| 041 | _ager | ||
| 100 | 1 |
_aHartmann, Karl Otto _0(DE-627)1245534645 _0(DE-576)175534640 _4aut |
|
| 245 | 1 | 4 |
_aDie Entwicklung der Baukunst von der Urzeit bis zur Gegenwart _n1 _pAltertum und Islam _cvon K. O. Hartmann |
| 250 | _a2. Aufl. | ||
| 264 | 1 |
_aBerlin _bDt. Bauzeitung _c1931 |
|
| 300 |
_a241 S. _bmit 253 Abb. |
||
| 336 |
_aText _btxt _2rdacontent |
||
| 337 |
_aohne Hilfsmittel zu benutzen _bn _2rdamedia |
||
| 338 |
_aBand _bnc _2rdacarrier |
||
| 951 | _aMV | ||
| 773 | 1 | 8 |
_w(DE-627)1116037912 _w(DE-576)046037918 _g1 _q1,2 |
| 942 |
_2z _cBK |
||